Búrka v lyžičke vody

Saved in:
Bibliographic Details
Main Author: Baláž, Peter
Format: Book Chapter
Language:Slovak
English
Subjects:
Tags: Add Tag
No Tags, Be the first to tag this record!

MARC

LEADER 00000naa a2200000 4500
001 0247736
005 20240502073950.4
041 0 |a slo 
041 0 |a eng 
044 |a SK 
245 1 0 |a Búrka v lyžičke vody  |c Peter Baláž 
610 2 0 |a obchod zahraničný 
610 2 0 |a vývoz 
610 2 0 |a produkcia 
610 2 0 |a kovy 
610 2 0 |a oceľ 
610 2 0 |a oceliarstvo 
610 2 0 |a spolupráca medzinárodná 
610 2 0 |a Čína 
610 2 0 |a USA 
610 2 0 |a Európska únia 
100 1 |a Baláž, Peter